| 000 | 00630nam a2200241 a 4500 | ||
|---|---|---|---|
| 001 | nice12345678 | ||
| 003 | IN_TiNIC | ||
| 005 | 20260116014557.0 | ||
| 008 | 050524s2002 lona grp 000 0 eng | ||
| 020 |
_a0198876 _c250 |
||
| 082 | 0 | 0 |
_a294.5 _bZAV |
| 100 | _aZavos, John | ||
| 245 | _aEmergence of Hindu Nationalism in India | ||
| 260 |
_aLondan _bOxford University Press _c2002 |
||
| 300 | _a245p | ||
| 500 | _aincludes index and biblioraphy | ||
| 505 | 2 | _aIndex, Quranic Verses | |
| 650 | _aReligious Fundamentalism-Hindu | ||
| 700 | 1 | _aZavos, John | |
| 902 | _bSRS | ||
| 942 | _cBK | ||
| 999 |
_c16054 _d16054 |
||